Informe sobre la Falange de José Antonio : (Record no. 20176)

MARC details
000 -LEADER
campo de control de longitud fija 00710nam a2200181 i 4500
001 - NÚMERO DE CONTROL
campo de control 20176
003 - IDENTIFICADOR DE NÚMERO DE CONTROL
campo de control ES-MaACL
005 - FECHA Y HORA DE LA ÚLTIMA TRANSACCIÓN
campo de control 20230906152241.0
007 - CAMPO FIJO DE DESCRIPCIÓN FÍSICA--INFORMACIÓN GENERAL
campo de control de longitud fija t|
008 - DATOS DE LONGITUD FIJA--INFORMACIÓN GENERAL
campo de control de longitud fija 021107s1973 sp ||||1| spa d
100 1# - ENTRADA PRINCIPAL--NOMBRE DE PERSONA
Nombre de persona Aguinaga, Enrique de.
9 (RLIN) 18800
245 10 - MENCIÓN DEL TÍTULO
Título Informe sobre la Falange de José Antonio :
Resto del título conferencia pronunciada el 29 de octubre en... la Jefatura Provincial, con motivo del XXIX aniversario de la fundación de Falange Española /
Mención de responsabilidad, etc. Enrique Aguinaga.
260 ## - PUBLICACIÓN, DISTRIBUCIÓN, ETC.
Lugar de publicación, distribución, etc. La Coruña :
Nombre del editor, distribuidor, etc. Jefatura Provincial del Movimiento,
Fecha de publicación, distribución, etc. [1973] (
Fabricante Grafinsa)
300 ## - DESCRIPCIÓN FÍSICA
Extensión 58 p. ;
Dimensiones 21 cm.
610 24 - PUNTO DE ACCESO ADICIONAL DE MATERIA--NOMBRE DE ENTIDAD CORPORATIVA
Nombre de entidad corporativa o nombre de jurisdicción como elemento de entrada Falange Española.
9 (RLIN) 4083
710 2# - ENTRADA AGREGADA--NOMBRE DE ENTIDAD CORPORATIVA
Nombre de entidad corporativa o nombre de jurisdicción como elemento de entrada Movimiento Nacional (España)
9 (RLIN) 5776
852 ## - LOCALIZACIÓN
Ubicación ES-MaACL
Número de control de estantería C-53998
Holdings
Estatus retirado Estado de pérdida Estado de daño No para préstamo Biblioteca de origen Biblioteca actual Ubicación en estantería Fecha de adquisición Fuente de adquisición Total de préstamos Signatura topográfica completa Código de barras Visto por última vez Precio de reemplazo Tipo de ítem Koha
        Biblioteca del Ateneo de Madrid Biblioteca del Ateneo de Madrid Depósito 2 17/01/2008     C-53998 1020679 23/02/2023 23/02/2023 Libro impreso